000 00656nam a22002057a 4500
010 _aB-087012
020 _a1593391005
035 _aB-087012
037 _bCen Lib / Ret
040 _aDPL
_bEN
082 _a030
_bBRI
245 _aThe encyclopædia britannica :
_bbook of the year /
_cedited by Karen Jacobs Sparks... [et al.]
260 _aChicago
_bEncyclopædia Britannica, Inc
_c2004
270 _aEncyclopædia Britannica, Inc
_bChicago
300 _a904p
_b27cm(Hb)
650 _aEncyclopedias and dictionaries.
650 _aEnciclopedias Estrangeiras.
700 _aSparks, Karen Jacobs
942 _2ddc
_cEN
_h030
_mBRI
999 _c136962
_d136962